| 000 | 01579nam1a2200301 i 4500 | ||
|---|---|---|---|
| 001 | RU\NLR\BIBL_A\012333991 | ||
| 005 | 20240922035034.0 | ||
| 035 | _a(NLR Aleph) 012333991 | ||
| 090 |
_a11487201 _c11487201 |
||
| 100 | _a20200914g2019 u y0rusy50 ca | ||
| 101 | 0 | _arus | |
| 102 | _aRU | ||
| 105 | _a||||j|||||||| | ||
| 181 | 0 |
_ai _baxxe |
|
| 182 | 0 | _an | |
| 200 | 1 |
_aИстория и методология гостиничной деятельности _eучебное пособие для студентов, обучающихся по направлению подготовки магистратуры 43.04.03 "Гостиничное дело" _fРомашкина Ольга Петровна, Красноженова Галина Федоровна |
|
| 203 |
_aТекст _bвизуальный _cнепосредственный |
||
| 210 |
_aСтаврополь _cЛогос _d2019 |
||
| 215 | _d21 | ||
| 300 | _aНа обороте тит. л. авт.: Ромашкина О.П., доц., Красноженова Г.Ф., д-р социол. наук, проф. | ||
| 606 | 1 |
_aГостиничное хозяйство _jУчебные издания для высших учебных заведений _xИстория _91501341 _3RU\NLR\AUTH\66952808 |
|
| 686 | 1 | _aУ44(0)135.7-03я73 | |
| 700 | 1 |
_aРомашкина _bО. П. _gОльга Петровна |
|
| 701 | 1 |
_aКрасноженова _bГ. Ф. _gГалина Федоровна |
|
| 852 |
_aNLR _j2020-3/12953 |
||
| 942 | _cBOOK | ||